000 00589nam a2200229Ia 4500
003 OSt
005 20220923230520.0
006 a|||||r|||| 00| 0
007 ta
008 Pun
024 _a282,711
037 _cTextual
040 _aARTS
_cARTS
_bPun
041 _2Pun
_aPun
082 _aO153,3NICx, N0
100 _aਇਛੂਪਾਲ
245 0 _aਦਾਇਰੇ ਵਿਚਕਾਰਲਾ ਕਾਇਰਾ
260 _c1990
650 _aਪੰਜਾਬੀ ਸਾਹਿਤ
942 _hO153,3NICx, N0
_cTEXL
_2CC
999 _c385405
_d385405